List of All Ash Ketchum's Pokémon - Statistics

General Stats
  • This quiz has been taken 29,422 times
    22,860 since last reset
  • The average score is 26 of 51
Answer Stats
# Type Region Answer % Correct
1 Electric Kanto Pikachu
100%
5 Fire/Flying Kanto Charizard
92%
2 Bug/Flying Kanto Butterfree
90%
4 Grass/Poison Kanto Bulbasaur
85%
6 Water Kanto Squirtle
85%
3 Normal/Flying Kanto Pidgeot
82%
12 Water/Ice Orange Islands Lapras
67%
15 Grass Johto Bayleef
61%
9 Fighting Kanto Primeape
60%
16 Fire Johto Quilava
59%
42 Water/Dark Kalos Greninja
58%
17 Water Johto Totodile
58%
29 Fire/Fighting Sinnoh Infernape
57%
13 Normal Orange Islands Snorlax
57%
22 Grass Hoenn Sceptile
56%
10 Poison Kanto Muk
55%
11 Normal Kanto Tauros
55%
14 Bug/Fighting Johto Heracross
54%
7 Water Kanto Kingler
51%
28 Grass/Ground Sinnoh Torterra
51%
27 Normal/Flying Sinnoh Staraptor
50%
35 Fire/Fighting Unova Pignite
49%
36 Grass Unova Snivy
49%
18 Normal/Flying Johto Noctowl
48%
45 Dragon Kalos Goodra
47%
43 Fire/Flying Kalos Talonflame
47%
34 Water Unova Oshawott
46%
32 Dragon/Ground Sinnoh Gible
45%
44 Fighting/Flying Kalos Hawlucha
45%
47 Grass/Flying Alola Rowlet
45%
21 Normal/Flying Hoenn Swellow
45%
48 Rock Alola Lycanroc
44%
46 Flying/Dragon Kalos Noivern
43%
31 Ground/Flying Sinnoh Gliscor
42%
49 Fire Alola Torracat
42%
33 Normal/Flying Unova Unfezant
42%
25 Ice Hoenn Glalie
41%
30 Water Sinnoh Buizel
39%
38 Bug/Grass Unova Leavanny
37%
24 Fire Hoenn Torkoal
37%
20 Ground Johto Donphan
36%
40 Rock Unova Boldore
35%
41 Ground/Dark Unova Krookodile
35%
26 Normal Sinnoh Aipom
34%
37 Dark/Fighting Unova Scraggy
34%
39 Water/Ground Unova Palpitoad
33%
51 Steel Alola Meltan
32%
23 Water Hoenn Corphish
30%
8 Normal Kanto Raticate
30%
19 Bug/Poison Johto Beedrill
29%
50 Poison Alola Poipole
29%
No matching quizzes found
Score Distribution
Percent of People with Each Score
Percentile by Number Answered
Your Score History
You have not taken this quiz since the last reset